| 000 | 00767nam a22002777a 4500 | ||
|---|---|---|---|
| 001 | 200462083 | ||
| 003 | TR-AnTOB | ||
| 005 | 20241119104036.0 | ||
| 008 | 240726b tu ||||| |||| 00| 0 tur d | ||
| 020 | _a9786051886718 | ||
| 040 |
_aTR-AnTOB _beng _erda _cTR-AnTOB |
||
| 041 | _atur | ||
| 092 |
_a808.068 _bPOL 2023 |
||
| 100 | 1 |
_aPolacco, Patricia _9146597 |
|
| 245 |
_aHurdalık Diyarı / _cPatricia, Polacco; |
||
| 250 | _a1.bs. | ||
| 260 |
_aİstanbul : _bBeyaz Balina ; _c2023. |
||
| 300 |
_a48 Pages : _bill. ; _c20 cm. |
||
| 336 |
_atext _btxt _2rdacontent |
||
| 337 |
_aunmediated _bn _2rdamedia |
||
| 338 |
_avolume _bnc _2rdacarrier |
||
| 653 | _aÇocuk Edebiyatı | ||
| 942 |
_2ddc _cBK |
||
| 999 |
_c200462083 _d80295 |
||